Band names by synonym - Statistics

General Stats
  • This quiz has been taken 27 times
  • The average score is 9 of 22
Answer Stats
Hint Answer % Correct
Pistols N' Flowers Guns N' Roses
100%
The Spinning Pebbles The Rolling Stones
90%
The assassins The Killers
81%
The Seaside Males The Beach Boys
76%
Destroying Gourds Smashing Pumpkins
71%
The remedy The Cure
67%
The gates The Doors
62%
Regina Queen
57%
Smudge Blur
52%
Walkman cranium Radiohead
52%
Freezing pantomime Coldplay
48%
Stomach Belly
38%
Dreaming sleep R.E.M.
24%
The city of lilies and the apparatus Florence and the machine
19%
Gem congestion Pearl Jam
19%
The Coleopterans The Beatles
19%
The jumpers The Cardigans
14%
Saviour addiction Jesus Jones
10%
Puree PULP
10%
Lupine Wonderland Wolf Alice
10%
Beautiful and Venerable Belle and Sebastian
5%
The Manufacturers The Smiths
5%
No matching quizzes found
Score Distribution
Percent of People with Each Score
Percentile by Number Answered
Your Score History
You have not taken this quiz